000 00222nam a22001097a 4500
041 _aENG
100 _aMatha Te Payatha
245 _aMatha Te Payatha
260 _aPune
_bPune
_c2000
650 _aMarhti
856 _uMarhti
999 _c605
_d605